01077nam a22002417a 450000500170000001000130001702000220003003500130005203700160006504000120008108200150009310000210010824502230012926000450035227000420039730000320043950000520047165000360052365000460055994200240060599900190062995201870064820170124110027.0 aA-371434 c00.00a8170241944 aA-371434 bCen Lib/Ret aDPLbEN a574.5bMOH aMohan, I.920891 aEnvironmental awareness and urban development :cby I. Mohanb a global study of environmental constraints, pollution, city planning, wasteland development, social forestry, conserving monuments, and related subjects / aNew DelhibAshish Publishing Housec1988 bNew Delhia8/81, Punjabi Baghe110026 axiii,256p.:c20cm(Hb)bill. aIncludes bibliographical references and index  aEnvironmental protection915270 aPollution -- Environmental aspects915234 2ddccENh574.5mMOH c127575d127575 04104070aLbLd2015-06-29eCen Lib/Retg0.00l0o574.5 MOHpA-371434r2015-06-29 00:00:00t1v0.00w2015-06-29yENzWritten off on approval by DLB (By Circulation); dtd 15-06-2023